Die besten Torschützen in der Geschichte des FC Liverpool - Statistiken

Allgemein
  • Dieses Quiz wurde 53 mal gespielt
  • Das Durchschnittsergebnis liegt bei 5 aus 10
Antwortstatistiken
Tore Nationalität Spieler % Korrekt
207 Ägypten Mohamed Salah
98%
120 Senegal Sadio Mané
96%
329 Wales Ian Rush
81%
170 Schottland Sir Kenny Dalglish
67%
186 England Steven Gerrard
60%
158 England Michael Owen
46%
183 England Robbie Fowler
33%
262 England Roger Hunt
6%
177 Schottland Billy Liddell
2%
117 Schottland Ian St. John
2%
Keine übereinstimmenden Quizze gefunden
Verteilung der Resultate
Anzahl Personen mit jedem Resultat
Perzentil nach korrekt beantworteten Fragen
Ihre Resultats-Entwicklung
Sie haben dieses Quiz noch nicht gespielt